Score 0/25 Timer 03:00
4 Plays Today
Hint Answer % Correct
____ TwainMark
98.1%
____ AustenJane
96.8%
War and ____Peace
96.7%
____ ExpectationsGreat
96.6%
Wuthering ____Heights
96.1%
The ____ of the MohicansLast
95.4%
Oliver ____Twist
93.4%
____ CopperfieldDavid
93%
Rudyard ____Kipling
90.8%
____ HugoVictor
89.3%
Bram ____Stoker
86.8%
The ____ of SpadesQueen
83.4%
____ Waldo EmersonRalph
82%
Hint Answer % Correct
____ HawthorneNathaniel
80.2%
Walt ____Whitman
79.8%
Madame ____Bovary
77.5%
The ____ WallpaperYellow
75.8%
Northanger ____Abbey
68.1%
Henrik ____Ibsen
64%
____ ZolaÉmile
62.9%
____ DostoyevskyFyodor
56.2%
____ VanyaUncle
46.5%
Wilkie ____Collins
35.8%
Thus Spoke ____Zarathustra
35.6%
Eugene ____Onegin
25.7%

Today's Daily Dose

Missing Word
Lizzo Songs

Get the Picture
The Longest Rivers

Remove Ads.
Support Sporcle.
Get the best of Sporcle when you Go Orange. This ad-free experience offers more features, more stats, and more fun while also helping to support Sporcle. Thank you for becoming a member.

You're not logged in!

Compare scores with friends on all Sporcle quizzes.
OR
Log In

Show Comments

Extras

Top Quizzes Today


Score Distribution

Your Account Isn't Verified!

In order to create a playlist on Sporcle, you need to verify the email address you used during registration. Go to your Sporcle Settings to finish the process.

Report this User

Report this user for behavior that violates our Community Guidelines.

Details: